000 00795nam a2200229 i 4500
001 bg
100 1 _aPODRECKI, Paweł
_d(1968- )
245 1 0 _aPrawo Internetu /
_cPaweł Podrecki [oraz] Zbigniew Okoń [et al.] ; pod red. Pawła Podreckiego.
260 _aWarszawa :
_bWydaw. Prawnicze "LexisNexis",
_c2004.
300 _a534, [2] s. ;
_c24 cm.
504 _aBibliogr. s. 524-[535].
650 9 _aInternet
_xprawo
_zPolska
_ystan na 2004 r.
700 1 _aOKOŃ, Zbigniew
020 _a8373342621
040 _cBPK
041 0 _apol
080 _a347.78+343.533:004.738.5](438)
920 _a83-7334-262-1
942 _cKS
008 s pl f |000 0 pol
999 _c44150
_d44150
856 _uhttp://koha.tu.koszalin.pl/cgi-bin/koha/opac-detail.pl?biblionumber=44150
_yKatalog online BPK